Pays européen par capitale #2 - Statistiques

Statistiques générales
  • Ce quiz a été pris 158 fois
  • Le résultat moyen est 14 sur 15
Statistiques - réponses
Villes Pays % Correct
Athènes Grèce
100%
Andorre la Vielle Andorre
99%
Vienne Autriche
99%
Zagreb Croatie
99%
Oslo Norvège
99%
Varsovie Pologne
99%
Kiev Ukraine
99%
Vatican Vatican
99%
Helsinki Finlande
97%
Saint-Marin Saint-Marin
95%
Bucarest Roumanie
93%
Sofia Bulgarie
92%
Budapest Hongrie
92%
Prague République Tchèque
91%
La Valette Malte
81%
Aucun quiz correspondant
Distribution des résultats
% des personnes avec chaque résultat
Percentile par nombre de réponses
Votre historique - résultats
Vous n’avez pas pris ce quiz